Between the lines: Reading skills for intermediate-advanced students of English as a second language [photocopy by HCM City edition]
Đã lưu trong:
| 主要作者: | |
|---|---|
| 格式: | 圖書 |
| 語言: | Undetermined |
| 出版: |
New York
Holt
1983
|
| 主題: | |
| 標簽: |
添加標簽
沒有標簽, 成為第一個標記此記錄!
|
| Thư viện lưu trữ: | Trung tâm Học liệu Trường Đại học Cần Thơ |
|---|
| LEADER | 00597nam a2200169Ia 4500 | ||
|---|---|---|---|
| 001 | CTU_5022 | ||
| 008 | 210402s9999 xx 000 0 und d | ||
| 082 | |a 428.64 | ||
| 082 | |b Z94 | ||
| 100 | |a Jean Zukowski | ||
| 245 | 0 | |a Between the lines: Reading skills for intermediate-advanced students of English as a second language [photocopy by HCM City edition] | |
| 245 | 0 | |c Jean Zukowski, Susan S Johnston | |
| 260 | |a New York | ||
| 260 | |b Holt | ||
| 260 | |c 1983 | ||
| 650 | |a college readers,english language - textbook foreign speakers | ||
| 980 | |a Trung tâm Học liệu Trường Đại học Cần Thơ | ||